| 000 | 01244nac a22003131u 4500 | ||
|---|---|---|---|
| 010 | _a 2001271498 | ||
| 020 | _a0761969748 | ||
| 020 | _a0761969756 (pbk) | ||
| 020 | _a0761969756 : | ||
| 035 | _a(OCoLC)ocm45869308 | ||
| 082 |
_a305.42 21 _bWIL |
||
| 090 |
_c8531 _d8531 |
||
| 100 | _aWilson, Elizabeth, | ||
| 245 | 1 | 4 |
_aThe contradictions of culture : cities, culture, women / _bcities, culture, women / _cElizabeth Wilson. |
| 260 |
_aLondon ; _aThousand Oaks, Calif. : _bSAGE,2001. _cc2001. |
||
| 300 |
_a167 p. ; _c24 cm. |
||
| 490 | 1 | _aTheory, culture & society | |
| 500 | _aDistributer: Al-Ahram | ||
| 504 | _aIncludes bibliographical references and index. | ||
| 511 | _aCatalogued by: Sara | ||
| 650 | 0 |
_aWomen _xSociological aspects. |
|
| 650 | 0 | _aFeminism. | |
| 650 | 0 | _aSociology, Urban. | |
| 830 | 0 | _aTheory, culture & society (Unnumbered) | |
| 856 | 4 | 2 |
_3Publisher description _uhttp://www.loc.gov/catdir/enhancements/fy0657/2001271498-d.html |
| 856 | 4 | 2 |
_3Table of contents only _uhttp://www.loc.gov/catdir/enhancements/fy0657/2001271498-t.html |
| 942 |
_cBB _k305.42 21 WIL |
||
| 999 |
_c8531 _d8531 |
||